John Warren Williams family papers, (Record no. 43175)

MARC details
000 -LEADER
fixed length control field 02343cpcaa2200433 4500
001 - CONTROL NUMBER
control field mm 81045849
003 - CONTROL NUMBER IDENTIFIER
control field DLC
005 - DATE AND TIME OF LATEST TRANSACTION
control field 20260227111708.0
007 - PHYSICAL DESCRIPTION FIXED FIELD--GENERAL INFORMATION
fixed length control field cr |||||||||||
008 - FIXED-LENGTH DATA ELEMENTS--GENERAL INFORMATION
fixed length control field 810512|||||||||||| eng
010 ## - LIBRARY OF CONGRESS CONTROL NUMBER
LC control number mm 81045849
040 ## - CATALOGING SOURCE
Original cataloging agency DLC
Transcribing agency DLC
Description conventions dacs
Modifying agency DLC
072 #7 - SUBJECT CATEGORY CODE
Subject category code N
Source lcmd
100 1# - MAIN ENTRY--PERSONAL NAME
Personal name Williams, John Warren,
Dates associated with a name 1815-1843.
245 00 - TITLE STATEMENT
Title John Warren Williams family papers,
Inclusive dates 1839-1895.
300 ## - PHYSICAL DESCRIPTION
Extent 50
Type of unit items.
300 ## - PHYSICAL DESCRIPTION
Extent 1
Type of unit container.
300 ## - PHYSICAL DESCRIPTION
Extent 0.4
Type of unit linear feet.
506 0# - RESTRICTIONS ON ACCESS NOTE
Terms governing access Open to research.
520 8# - SUMMARY, ETC.
Summary, etc. Correspondence, diary, travel journal, account book, scrapbook, printed matter, and photographs. Diary kept by John Warren Williams reflects his commercial interests especially the importation of flour. Documents the arrival and clearance of ships and their cargoes at Boston, Mass., and New York, N.Y. Also notes the arrival of the steamship Great Western in New York, N.Y., on May 3, 1840, with passengers including dancer Fanny Elssler. Includes an account book (1864-1882) kept by his brother, George F. Williams, and a journal of George's wife, Martha Ann Tilton Williams, describing travels to Europe, 1894-1895.
545 0# - BIOGRAPHICAL OR HISTORICAL DATA
Biographical or historical data Importer, of Boston, Mass.
546 ## - LANGUAGE NOTE
Language note Collection material in English.
555 8# - CUMULATIVE INDEX/FINDING AIDS NOTE
Cumulative index/finding aids note Finding aid available in the Library of Congress Manuscript Reading Room and at
Uniform Resource Identifier <a href="http://hdl.loc.gov/loc.mss/eadmss.ms011129">http://hdl.loc.gov/loc.mss/eadmss.ms011129</a>
600 10 - SUBJECT ADDED ENTRY--PERSONAL NAME
Personal name Elssler, Fanny,
Dates associated with a name 1810-1884.
600 30 - SUBJECT ADDED ENTRY--PERSONAL NAME
Personal name Williams family.
610 20 - SUBJECT ADDED ENTRY--CORPORATE NAME
Corporate name or jurisdiction name as entry element Great Western (Steamship)
650 #0 - SUBJECT ADDED ENTRY--TOPICAL TERM
Topical term or geographic name entry element Merchants
Geographic subdivision Massachusetts
-- Boston.
650 #0 - SUBJECT ADDED ENTRY--TOPICAL TERM
Topical term or geographic name entry element Shipping
Geographic subdivision New York (State)
-- New York.
650 #0 - SUBJECT ADDED ENTRY--TOPICAL TERM
Topical term or geographic name entry element Shipping
Geographic subdivision Massachusetts
-- Boston.
651 #0 - SUBJECT ADDED ENTRY--GEOGRAPHIC NAME
Geographic name Boston (Mass.)
General subdivision Commerce.
651 #0 - SUBJECT ADDED ENTRY--GEOGRAPHIC NAME
Geographic name Europe
General subdivision Description and travel.
656 #7 - INDEX TERM--OCCUPATION
Occupation Importers.
Source of term itoamc
700 1# - ADDED ENTRY--PERSONAL NAME
Personal name Williams, George F.,
Dates associated with a name 1817-1882.
Title of a work George F. Williams account book.
Date of a work 1864-1882.
700 1# - ADDED ENTRY--PERSONAL NAME
Personal name Williams, Martha Ann Tilton,
Dates associated with a name 1827-1919.
Title of a work Martha Ann Tilton Williams travel journal.
Date of a work 1894-1895.
856 4# - ELECTRONIC LOCATION AND ACCESS
Materials specified Finding aid
Uniform Resource Identifier <a href="http://hdl.loc.gov/loc.mss/eadmss.ms011129">http://hdl.loc.gov/loc.mss/eadmss.ms011129</a>
856 4# - ELECTRONIC LOCATION AND ACCESS
Materials specified Finding aid (PDF)
Uniform Resource Identifier <a href="http://hdl.loc.gov/loc.mss/eadmss.ms011129.3">http://hdl.loc.gov/loc.mss/eadmss.ms011129.3</a>

No items available.

Powered by Koha